| 000 | 00688nam a2200205 a 4500 | ||
|---|---|---|---|
| 001 | 0107 | ||
| 005 | 20140414131907.0 | ||
| 008 | 040728s19uu xx 00 eng d | ||
| 020 | _a0-06-444049-4 | ||
| 050 |
_aER _bAr1 1978 |
||
| 100 | _aHoban, Lillian | ||
| 245 |
_aArthur's prize reader / _cLillian Hoban. |
||
| 260 |
_aNew York : _bHarper Trophy, _c1978. |
||
| 300 | _a63 p. : ill. ; cm. | ||
| 440 | _aAn I Can Read Book | ||
| 520 | _aAlthough Arthur loses the Super Chimp Club contest, his pupil, sister Violet, wins the first grade reading competition and a prize for them both. | ||
| 650 |
_aBrother and sisters _xFiction. |
||
| 650 |
_aReading _xFiction. |
||
| 999 |
_c111022 _d111022 |
||